| 000 | nam a22 a 4500 | ||
|---|---|---|---|
| 999 |
_c119978 _d119978 |
||
| 003 | BLK | ||
| 005 | 20220701140903.0 | ||
| 008 | 180409b bul|||||r ||||||| ||bul|| | ||
| 010 | _aKNG00125594000 | ||
| 040 | _aBLK | ||
| 041 |
_aBUL _cBUL |
||
| 080 |
_aКласическа гръцка литература. Старогръцка литература _b821.142 _x-1 _z821.142-1 |
||
| 100 | 1 |
_aОмир _eпърви автор _9104719 |
|
| 139 |
_aОмир _bО 56 |
||
| 245 | 1 | 0 |
_aИлиада _bПоема _cОмир; прев. от старогр. Александър Милев; прев. от старогр. Блага Димитрова; ред. кол. Веселин Ханчев; |
| 250 | _a2. изд. | ||
| 257 | _aGRE | ||
| 260 |
_bНар. култура _c1971 _aСофия |
||
| 300 |
_a564 с. _bс ил. _c25 см |
||
| 380 | _aX | ||
| 500 | _aОриг. загл. Ilias - 1. изд. 1969. | ||
| 653 | _aпоеми | ||
| 700 | 1 |
_aМилев, Александър _eпрев. от старогр. _gИванов, Александър Милев _9365434 |
|
| 700 | 1 |
_aДимитрова, Блага _eпрев. от старогр. _9368072 |
|
| 700 | 1 |
_aХанчев, Веселин _eред. кол. _9376824 |
|
| 852 | _aЦб 57536 | ||
| 856 | 4 | _qpdf | |
| 856 | 4 | _qpdf | |
| 942 |
_cKNG _n0 _01 _s1 |
||
| 944 |
_aCR _c09.09.2011 _lф / 09.09.2011 _kЛюдмила_Стоянова |
||
| 944 |
_aED _c16.02.2018 _lф / 09.09.2011 _kТеодора_Стоянова |
||
| 999 | _d119978 | ||